| 000 | 01378nam0a2200385 4500 | ||
|---|---|---|---|
| 001 | RU\NLR\bibl\213963 | ||
| 005 | 20260406051650.0 | ||
| 010 |
_a5-324-00033-7 _920000 |
||
| 021 |
_aRU _b2001-23775 _91129 |
||
| 035 | _a(NLR Aleph) 000210111 | ||
| 090 |
_a1219455 _c1219455 |
||
| 100 | _a20010803d2001 |||y0rusy50 ca | ||
| 101 | 0 | _arus | |
| 102 | _aRU | ||
| 105 | _ay ||||||||| | ||
| 200 | 1 |
_aШутливые именные поздравления _fИрина Знаменская |
|
| 210 |
_aСПб. _cА.В.К.-Тимошка _d2001 |
||
| 215 |
_a154, [1] с. _d10 |
||
| 225 | 1 | _aСерия "Мини-книга" | |
| 300 | _aЗагл. обл.: Именные поздравления | ||
| 512 | 1 |
_6z22790 _aИменные поздравления |
|
| 675 |
_a821.161.1-1 _v3 _zrus |
||
| 686 |
_a17.82 _2rugasnti |
||
| 686 |
_a84(2Рос=Рус)6-5 _2rubbk |
||
| 686 | _aШ6(2=Р)75-7,5 | ||
| 700 | 1 |
_4070 _8rus _7ca _aЗнаменская _bИ.В. _f1951- _gИрина Владимировна _3RU\NLR\auth\776874 _9116821 |
|
| 790 | 1 |
_4070 _8rus _7ca _aЗнаменская _bИ.В. _f1951- _gИрина Владимировна _3RU\NLR\auth\776874 _9116821 |
|
| 801 | 0 |
_aRU _bRKP _c20010803 _gPSBO |
|
| 801 | 1 |
_aRU _bRKP _c20010803 |
|
| 801 | 2 |
_aRU _bNLR _c20050603 _grcr |
|
| 942 | _cBOOK | ||
| 980 | _aNB | ||